000 01009cam a2200217 4500
001 L136900
008 070301n2005 000 0 eng u
035 _a(Sirsi) u136900
041 0 _aeng
100 _aChinTian Lee, Cynthia
245 0 4 _aThe adoption of requirements management in the delivery of refurbishment projects
_h[electronic resource]
260 _aBrisbane
_bQueensland University of Technology
_c2005
490 0 _aCOBRA
_v2005
520 _aDiscusses the documentation and communication of clients? requirements for the purpose of achieving client satisfaction. Discusses how refurbishment projects can be more complex than new build because of the associated uncertainty and complexity in refurbishment projects.
651 4 _aUnited Kingdom
_y
690 _aRefurbishment
_96264
700 1 _aHayles, Carolyn
700 1 _aEgbu, Charles
856 4 0 _uhttps://www.rics.org/site/scripts/download_info.aspx?downloadID=2607
_zView the item free of charge at www.rics.org...
942 _n0
999 _c106534
_d106534